50 Cent Discography - Statistics

General Stats
  • This quiz has been taken 92 times
    65 since last reset
  • The average score is 10 of 25
Answer Stats
Type Year Name % Correct
Album 2003 Get Rich or Die Tryin'
96%
Video Album 2003 Get Rich or Die Tryin'
96%
Soundtrack 2005 Get Rich or Die Tryin': Music from and Inspired by the Motion Picture
96%
Album 2007 Curtis
80%
Album 2005 The Massacre
78%
Unreleased Album 2000 Power of the Dollar
60%
Album 2014 Animal Ambition
56%
Album 2009 Before I Self Destruct
54%
Compilation 2009 Before I Self Destruct: The Selects
54%
Mixtape 2012 5 (Murder by Numbers)
34%
Compilation 2002 Guess Who's Back?
34%
Mixtape 2005 Bullet Proof
32%
Soundtrack 2007 Bulletproof
32%
Group Mixtape 2002 50 Cent Is the Future
30%
Mixtape 2015 The Kanan Tape
26%
Mixtape 2009 War Angel LP
22%
Group Mixtape 2002 God's Plan
20%
Group Mixtape 2002 No Mercy, No Fear
20%
Mixtape 2011 The Big 10
20%
Mixtape 2012 The Lost Tape
20%
Compilation 2017 Best of 50 Cent
18%
Mixtape 2009 Forever King
18%
Compilation 2003 24 Shots
14%
Documentary 2003 50 Cent: The New Breed
14%
Collaborative Soundtrack 2015 Southpaw (Music from and Inspired by the Motion Picture)
12%
No matching quizzes found
Score Distribution
Percent of People with Each Score
Percentile by Number Answered
Your Score History
You have not taken this quiz since the last reset